[Event "DOM-ch U20"]
[Site "Santo Domingo"]
[Date "2015.09.24"]
[Round "2"]
[White "Jimenez Jimenez, Leandro"]
[Black "Ramos Burgos, Gregory Joel"]
[Result "1/2-1/2"]
[WhiteElo "1812"]
[BlackElo "1737"]
[PlyCount "79"]
[EventDate "2015.09.24"]
[EventType "swiss"]
[EventRounds "8"]
[EventCountry "DOM"]
[SourceTitle "EXT 2017"]
[Source "ChessBase"]
[SourceDate "2016.10.25"]
[SourceVersion "1"]
[SourceVersionDate "2016.10.25"]
[SourceQuality "1"]

1. d4 d5 2. c4 e6 3. Nf3 Be7 4. Nc3 Nf6 5. Bg5 h6 6. Bh4 0-0 7. e3 Nbd7 8. c5 b6 9. b4 bxc5 10. bxc5 c6 11. Bd3 Qa5 12. Qc2 Ba6 13. 0-0 Bxd3 14. Qxd3 Rfe8 15. Rab1 Bf8 16. Bg3 Nh5 17. Rb7 Nxg3 18. fxg3 Red8 19. Ne5 Nxe5 20. dxe5 Qxc5 21. Rfxf7 Rdb8 22. Rbc7 Re8 23. Nd1 Re7 24. Rcxe7 Bxe7 25. Qg6 Bf8 26. Qxe6 Kh8 27. Qf5 d4 28. Qf4 dxe3 29. Nxe3 Qc1+ 30. Nf1 Qc5+ 31. Kh1 Re8 32. e6 Bd6 33. Qg4 Qe5 34. h3 a5 35. Kh2 Rxe6 36. Nd2 h5 37. Qf3 Rg6 38. Nc4 h4 39. Nxd6 hxg3+ 40. Kg1 1/2-1/2

[Event "Santo Domingo op U2100"]
[Site "Santo Domingo"]
[Date "2015.02.06"]
[Round "1"]
[White "Mendez, Ruddy Antonio"]
[Black "Ramos Burgos, Gregory Joel"]
[Result "1-0"]
[WhiteElo "2033"]
[BlackElo "1711"]
[PlyCount "41"]
[EventDate "2015.02.06"]
[EventType "swiss"]
[EventRounds "8"]
[EventCountry "DOM"]
[SourceTitle "CBM 164 Extra"]
[Source "ChessBase"]
[SourceDate "2015.03.02"]
[SourceVersion "1"]
[SourceVersionDate "2015.03.02"]
[SourceQuality "1"]

1. e4 e5 2. Nf3 Nc6 3. d4 exd4 4. Nxd4 Bc5 5. Nb3 Bb6 6. Nc3 a6 7. Nd5 Ba7 8. Qg4 d6 9. Qxg7 Qh4 10. Nxc7+ Kd7 11. Qxf7+ Nge7 12. Nxa8 Qxe4+ 13. Be3 Nb4 14. Bd3 Nxd3+ 15. cxd3 Qb4+ 16. Bd2 Qg4 17. Rc1 Qe6+ 18. Qxe6+ Kxe6 19. Be3 Bb8 20. Nb6 Bd7 21. Nd4+ 1-0